| 000 | 00951cam a22002894a 4500 | ||
|---|---|---|---|
| 001 | 31128 | ||
| 005 | 20230410103837.0 | ||
| 008 | 041203s2005 mdu b 001 0 eng | ||
| 035 | _a13804991 | ||
| 925 | 0 |
_aacquire _b2 shelf copies _xpolicy default |
|
| 942 |
_2lcc _cbk |
||
| 010 | _a 2004028708 | ||
| 020 | _a0742539067 (alk. paper) | ||
| 020 | _a0742539075 (pbk. : alk. paper) | ||
| 040 |
_aDLC _cDLC _dDLC |
||
| 042 | _apcc | ||
| 043 | _aa-cc--- | ||
| 050 | 1 | 4 |
_a408 DS 779.27 _bS967c 2005 |
| 082 | 0 | 0 |
_a327.51/009/051 _222 |
| 100 | 1 | _aSutter, Robert G. | |
| 245 | 1 | 0 |
_aChina's rise in Asia : _bpromises and perils / _cRobert G. Sutter. |
| 260 |
_aLanham, MD : _bRowman & Littlefield Publishers, _cc2005. |
||
| 300 |
_axii, 297 p. ; _c24 cm. |
||
| 504 | _aIncludes bibliographical references and index. | ||
| 651 | 0 |
_aChina _xForeign relations _y1976- |
|
| 856 | 4 | 1 |
_3Table of contents _uhttp://www.loc.gov/catdir/toc/ecip054/2004028708.html |
| 999 |
_c26919 _d26919 |
||